000
00272nam a22001097a 4500
082
_a
005.133-FP CHE
100
_a
CHELLAM,MEENAKSHI
_9
64742
245
_a
FOX PRO 2.0 , COMMANDS AND FUNCTIONS
260
_a
NEW DELHI
_b
BPB PUBLICATION
_c
1992
300
_a
484P
942
_c
BK
999
_c
573149
_d
573149